[Event "Pontevedra op-A 6th"]
[Site "Pontevedra"]
[Date "2018.08.12"]
[Round "6"]
[White "Uranga Odriozola, Inaki"]
[Black "Van der Veen, Ronald"]
[Result "0-1"]
[WhiteElo "1531"]
[BlackElo "1984"]
[PlyCount "30"]
[EventDate "2018.08.08"]
[EventType "swiss"]
[EventRounds "9"]
[EventCountry "ESP"]
[SourceTitle "EXT 2021"]
[Source "ChessBase"]
[SourceDate "2020.10.23"]
[SourceVersion "1"]
[SourceVersionDate "2020.10.23"]
[SourceQuality "1"]

1. e4 d5 2. exd5 Nf6 3. c4 c6 4. d4 cxd5 5. Nf3 Nc6 6. Bf4 Bg4 7. Be5 e6 8. a3 Qa5+ 9. Nc3 Ne4 10. Qd3 f6 11. Bf4 Bf5 12. Qe3 g5 13. Bg3 Nb4 14. Bd3 Nxd3+ 15. Qxd3 Nxg3 0-1

[Event "Pontevedra op-A 6th"]
[Site "Pontevedra"]
[Date "2018.08.11"]
[Round "5"]
[White "Van der Veen, Ronald"]
[Black "Forgas Moreno, Yaniela"]
[Result "0-1"]
[WhiteElo "1984"]
[BlackElo "2299"]
[PlyCount "72"]
[EventDate "2018.08.08"]
[EventType "swiss"]
[EventRounds "9"]
[EventCountry "ESP"]
[SourceTitle "EXT 2021"]
[Source "ChessBase"]
[SourceDate "2020.10.23"]
[SourceVersion "1"]
[SourceVersionDate "2020.10.23"]
[SourceQuality "1"]

1. d4 f5 2. Nf3 Nf6 3. g3 g6 4. Bg2 Bg7 5. 0-0 0-0 6. c4 d6 7. Nc3 c6 8. Qc2 Qc7 9. Bf4 Nh5 10. Bd2 e5 11. d5 Na6 12. Rad1 e4 13. Ng5 h6 14. Nh3 g5 15. a3 Nf6 16. Be3 cxd5 17. b4 Qxc4 18. Rd4 Qc7 19. Rc1 Be6 20. Qd2 Qe7 21. f3 Rac8 22. Kf2 Ng4+ 23. fxg4 fxg4+ 24. Nf4 gxf4 25. Bxf4 Bxd4+ 26. Qxd4 Qg7 27. Ke3 Qxd4+ 28. Kxd4 Rc4+ 29. Ke3 d4+ 30. Kxe4 dxc3+ 31. Kd3 d5 32. e4 dxe4+ 33. Bxe4 Rd8+ 34. Ke3 c2 35. b5 Rc3+ 36. Kf2 Nc5 0-1

[Event "Pontevedra op-A 6th"]
[Site "Pontevedra"]
[Date "2018.08.10"]
[Round "3"]
[White "Van der Veen, Ronald"]
[Black "Paiva, Henrique MA Alberg"]
[Result "0-1"]
[WhiteElo "1984"]
[BlackElo "2080"]
[PlyCount "100"]
[EventDate "2018.08.08"]
[EventType "swiss"]
[EventRounds "9"]
[EventCountry "ESP"]
[SourceTitle "EXT 2021"]
[Source "ChessBase"]
[SourceDate "2020.10.23"]
[SourceVersion "1"]
[SourceVersionDate "2020.10.23"]
[SourceQuality "1"]

1. d4 d5 2. c4 c6 3. Nf3 Nf6 4. Nc3 e6 5. g3 Nbd7 6. Bg2 Be7 7. 0-0 0-0 8. c5 b6 9. b4 a5 10. b5 Bb7 11. bxc6 Bxc6 12. cxb6 Qxb6 13. Rb1 Qa6 14. Bf4 Bb4 15. Qb3 Bxc3 16. Qxc3 Bb5 17. e3 Rac8 18. Qa3 Bxf1 19. Bxf1 Qc6 20. Bd6 Rfe8 21. Bb5 Qc2 22. Qb2 Qxb2 23. Rxb2 Rc1+ 24. Kg2 Rec8 25. Ba4 Nf8 26. Ne5 Ne4 27. Be7 Nc3 28. Bc6 Nd1 29. Rd2 Ng6 30. Ba3 Rc3 31. Bd7 Rb8 32. Bd6 Rb1 33. Nd3 Rc4 34. Bc5 e5 35. dxe5 Nxe5 36. Nxe5 Rxc5 37. Bf5 Ra1 38. Nd7 Rb5 39. Bc2 Nc3 40. Bd3 Rb7 41. Nc5 Rc7 42. Rb2 g6 43. Na6 Rc8 44. Nb8 Rxa2 45. Rb7 Nd1 46. Nd7 Rxf2+ 47. Kh3 Nxe3 48. Ra7 Rc3 49. Bb5 Rcc2 50. Ra8+ Kg7 0-1

[Event "Wroclaw op"]
[Site "Wroclaw"]
[Date "2017.08.11"]
[Round "3"]
[White "Van der Veen, Ronald"]
[Black "Zamekhovskiy, Yevgen"]
[Result "1-0"]
[WhiteElo "2002"]
[BlackElo "1707"]
[PlyCount "85"]
[EventDate "2017.08.10"]
[EventType "swiss"]
[EventRounds "9"]
[EventCountry "POL"]
[SourceTitle "CBM 180 Extra"]
[Source "ChessBase"]
[SourceDate "2017.10.06"]
[SourceVersion "1"]
[SourceVersionDate "2017.10.06"]
[SourceQuality "1"]

1. d4 d6 2. c4 e5 3. g3 exd4 4. Qxd4 Nc6 5. Qe3+ Qe7 6. Bg2 Nf6 7. Nf3 Bf5 8. 0-0 Qxe3 9. Bxe3 Ng4 10. Bd2 0-0-0 11. b4 d5 12. c5 Nge5 13. Nh4 Be6 14. a3 Nc4 15. Bc1 a5 16. Nd2 Nd4 17. Nxc4 Nxe2+ 18. Kh1 dxc4 19. Be3 a4 20. Nf3 Be7 21. Ng5 Bxg5 22. Bxg5 f6 23. Be3 Nc3 24. Rac1 Na2 25. Rc2 c3 26. Ra1 Rhe8 27. Bf3 Kb8 28. Rcxa2 Bxa2 29. Rxa2 Rd3 30. Rc2 f5 31. Kg2 g5 32. Bxg5 Re1 33. Bc1 Kc8 34. g4 fxg4 35. Bxg4+ Kd8 36. Be2 Rd7 37. Bg5+ Ke8 38. Bh5+ Kf8 39. Bh6+ Kg8 40. Rxc3 Re5 41. Rf3 Rd8 42. Bf7+ Kh8 43. Rg3 1-0

[Event "Paleochora op 9th"]
[Site "Paleochora"]
[Date "2016.07.21"]
[Round "2"]
[White "Stopa, Jacek"]
[Black "Van der Veen, Ronald"]
[Result "1-0"]
[WhiteElo "2462"]
[BlackElo "1991"]
[PlyCount "71"]
[EventDate "2016.07.20"]
[EventType "swiss"]
[EventRounds "9"]
[EventCountry "GRE"]
[SourceTitle "EXT 2017"]
[Source "ChessBase"]
[SourceDate "2016.10.25"]
[SourceVersion "1"]
[SourceVersionDate "2016.10.25"]
[SourceQuality "1"]

1. e4 c6 2. Nc3 d5 3. Nf3 dxe4 4. Nxe4 Nf6 5. Nxf6+ exf6 6. Be2 Bd6 7. 0-0 0-0 8. d4 Re8 9. Re1 Bg4 10. Be3 Nd7 11. Nd2 Bf5 12. Bf3 Qc7 13. g3 Nb6 14. c4 Bb4 15. Rc1 Rad8 16. a3 Bf8 17. b4 h6 18. Qb3 Qd7 19. a4 Bg4 20. Bh1 f5 21. a5 Nc8 22. d5 a6 23. dxc6 bxc6 24. Nf3 Qb7 25. Rb1 Nd6 26. Bb6 Bxf3 27. Bxf3 Ne4 28. Bxe4 fxe4 29. Bxd8 Rxd8 30. b5 Rd3 31. bxa6 Qxa6 32. Qb7 Qxa5 33. Qxc6 Qa2 34. Qxe4 Rd2 35. Rb8 g6 36. Qe7 1-0

[Event "Heart of Finland op 22nd"]
[Site "Jyvaskyla"]
[Date "2012.07.12"]
[Round "5"]
[White "Nevanlinna, Risto"]
[Black "Van der Veen, Ronald"]
[Result "1-0"]
[WhiteElo "2267"]
[BlackElo "2030"]
[PlyCount "91"]
[EventDate "2012.07.09"]
[EventType "swiss"]
[EventRounds "9"]
[EventCountry "FIN"]
[SourceTitle "EXT 2022"]
[Source "ChessBase"]
[SourceDate "2021.10.06"]
[SourceVersion "1"]
[SourceVersionDate "2021.10.06"]
[SourceQuality "1"]

1. e4 c6 2. d4 d5 3. Nd2 dxe4 4. Nxe4 Bf5 5. Ng3 Bg6 6. h4 h6 7. Nf3 Nd7 8. h5 Bh7 9. Bd3 Bxd3 10. Qxd3 e6 11. Bd2 Ngf6 12. 0-0-0 Bd6 13. Ne4 Nxe4 14. Qxe4 Nf6 15. Qe2 Qc7 16. Kb1 0-0-0 17. c4 Rhe8 18. Bc3 Rd7 19. Qc2 Red8 20. g3 b6 21. Qe2 Qb7 22. d5 exd5 23. Bxf6 gxf6 24. cxd5 cxd5 25. Nd4 Bc5 26. Qf3 Bxd4 27. Rxd4 Rd6 28. Qf4 Qd7 29. Rhd1 Qe6 30. a3 Kb7 31. Qxh6 Qf5+ 32. Ka2 Qxf2 33. Qg7 Qf5 34. g4 Qg5 35. Qxf7+ R8d7 36. Qe8 f5 37. Qe5 a5 38. Rf1 Rc6 39. Qxf5 Qg7 40. Rfd1 Rc5 41. h6 Qe7 42. g5 b5 43. Rxd5 Rdxd5 44. Rxd5 Rxd5 45. Qxd5+ Kb6 46. g6 1-0

[Event "Barbera del Valles op 34th"]
[Site "Barbera del Valles"]
[Date "2011.07.10"]
[Round "7"]
[White "Georgieva, Emilia"]
[Black "Van der Veen, Ronald"]
[Result "0-1"]
[WhiteElo "1975"]
[BlackElo "2034"]
[PlyCount "52"]
[EventDate "2011.07.04"]
[EventType "swiss"]
[EventRounds "9"]
[EventCountry "ESP"]
[SourceTitle "CBM 143 Extra"]
[Source "ChessBase"]
[SourceDate "2011.08.29"]
[SourceVersion "1"]
[SourceVersionDate "2011.08.29"]
[SourceQuality "1"]

1. d4 d5 2. Nf3 Nf6 3. Bf4 c6 4. c3 Bf5 5. e3 Qb6 6. Qb3 Nbd7 7. Nbd2 e6 8. Be2 Be7 9. 0-0 0-0 10. Ne5 Nxe5 11. Bxe5 Nd7 12. Bg3 c5 13. Qxb6 Nxb6 14. Rfc1 Rac8 15. dxc5 Bxc5 16. b3 Ba3 17. Rd1 Bc2 18. c4 Bxd1 19. Rxd1 Rfd8 20. Bh4 f6 21. Bg4 Kf7 22. cxd5 Rxd5 23. e4 Rd4 24. Nf1 Rxd1 25. Bxd1 Rc1 26. Ne3 Bc5 0-1

[Event "Barbera del Valles op 34th"]
[Site "Barbera del Valles"]
[Date "2011.07.04"]
[Round "1"]
[White "Van der Veen, Ronald"]
[Black "Fenollar Jorda, Manuel"]
[Result "0-1"]
[WhiteElo "2034"]
[BlackElo "2358"]
[PlyCount "82"]
[EventDate "2011.07.04"]
[EventType "swiss"]
[EventRounds "9"]
[EventCountry "ESP"]
[SourceTitle "CBM 143 Extra"]
[Source "ChessBase"]
[SourceDate "2011.08.29"]
[SourceVersion "1"]
[SourceVersionDate "2011.08.29"]
[SourceQuality "1"]

1. d4 d5 2. Nf3 Nf6 3. c4 c6 4. Nc3 a6 5. Bg5 dxc4 6. a4 Nd5 7. a5 Bf5 8. e3 h6 9. Bh4 g5 10. Bg3 Nb4 11. e4 Bg6 12. Qa4 e6 13. Rd1 Nd7 14. Rd2 Be7 15. Ne5 Nxe5 16. Bxe5 0-0 17. Bxc4 Bd6 18. Bg3 Qe7 19. 0-0 Rac8 20. Qb3 Kg7 21. f4 gxf4 22. Bxf4 Bxf4 23. Rxf4 e5 24. dxe5 Rcd8 25. Rdf2 Qc5 26. Na4 Qxa5 27. Bxf7 Nd3 28. e6 Nxf4 29. Rxf4 Bxf7 30. exf7 Qe1+ 31. Rf1 Qxe4 32. Qg3+ Kh8 33. Nc3 Qd4+ 34. Qf2 Qxf2+ 35. Rxf2 Kg7 36. h3 Rxf7 37. Re2 Rd4 38. g4 Rfd7 39. Re6 Rd2 40. Ne4 Rxb2 41. Kh1 Rd1# 0-1

[Event "NED-chB sf"]
[Site "Leeuwarden"]
[Date "2002.12.08"]
[Round "2.2"]
[White "Algra, Jouke M"]
[Black "Van der Veen, Ronald"]
[Result "1-0"]
[WhiteElo "2003"]
[BlackElo "1865"]
[PlyCount "151"]
[EventDate "2002.11.30"]
[EventType "k.o."]
[EventRounds "3"]
[EventCountry "NED"]
[SourceTitle "CBM 091 Extra"]
[Source "ChessBase"]
[SourceDate "2003.01.09"]
[SourceVersion "1"]
[SourceVersionDate "2003.01.09"]
[SourceQuality "1"]

1. d4 c6 2. Nf3 Nf6 3. Bf4 d5 4. c3 Bf5 5. e3 e6 6. Be2 Bd6 7. Ne5 Qe7 8. Nd2 Nfd7 9. Qb3 Nxe5 10. dxe5 Bc5 11. 0-0 Bb6 12. a4 Nd7 13. a5 Nc5 14. Qd1 Bc7 15. Nf3 h6 16. Nd4 0-0 17. a6 Bb6 18. h3 Bg6 19. Kh1 Qd7 20. Bh2 Nxa6 21. Bxa6 Bxd4 22. exd4 bxa6 23. b4 Qb7 24. Ra5 Rfc8 25. Rc5 Rab8 26. Qe2 Qd7 27. Ra5 Qb7 28. Bf4 Rc7 29. Rfa1 Qb6 30. Rc5 Qb7 31. Rxa6 Qc8 32. Rca5 Rbb7 33. Kg1 Qb8 34. Ra1 Rb6 35. R6a2 Rbb7 36. Kf1 Rb5 37. Qd1 Rbb7 38. f3 Rb5 39. Ke2 Rbb7 40. Ra4 Rd7 41. R1a2 Rdc7 42. Qa1 Kf8 43. g4 Ke8 44. Ra6 Kd7 45. R2a5 Qa8 46. Qa4 Qb8 47. Bg3 Bb1 48. Qa3 Kc8 49. h4 Bg6 50. h5 Bb1 51. f4 Be4 52. Bh4 g6 53. Qc1 Rb6 54. Rxb6 Qxb6 55. Bf6 Rd7 56. Qg1 Kb7 57. Qh2 Qc7 58. g5 gxh5 59. gxh6 Bg6 60. Qg3 Qc8 61. Qg5 Qg8 62. f5 exf5 63. Ke3 a6 64. Be7 Qh7 65. Kf4 Rc7 66. Bf8 Qg8 67. Bd6 Rd7 68. Qf6 Qh7 69. Bf8 Qg8 70. Qg7 Bh7 71. Ra1 Rd8 72. Be7 Re8 73. Rg1 Bg6 74. Rxg6 fxg6 75. Bf8+ Qxg7 76. hxg7 1-0